000 00438nam a2200157 a 4500
001 000017140
005 20240305111025.0
008 100318s1929 dr 000 0 spa d
040 _aDO-SdBNP
_bspa
_cBNPHU
082 _axxx
_bV864
100 1 _aVizardi, Ligio
_d1895-1968
_937744
245 1 3 _aLa sombra iluminada /
_cLigio Vizardi.
260 _aSan Pedro de Macorís :
_bLa Nación,
_c1929.
300 _a31 p. ;
_c30 cm.
049 _aBNPD
999 _c16666
_d16666